| 000 | 00929 a2200265 4500 | ||
|---|---|---|---|
| 001 | 63947 | ||
| 999 |
_c63947 _d16911 |
||
| 003 | TR-AnTOB | ||
| 005 | 20241129155053.0 | ||
| 008 | 071008n miua 00000 eng | ||
| 010 | _aa 16000325 | ||
| 040 |
_aWilliams College. Libr./ICU _cICU _dDLC |
||
| 041 | _aeng | ||
| 050 | 0 |
_aQA165 _b.M16 |
|
| 090 | _aQA165 .M16 | ||
| 100 |
_aMacMahon, Percy Alexander, _d1854-1929 _936975 |
||
| 245 | 0 |
_aCombinatory analysis / _cby Major Percy A. MacMahon. |
|
| 264 | 1 |
_a[n.p.]: _bScanned by Imagenes Digitales Nogales, AZ on behalf of Preservation Division The University of Michigan Libraries, _c[date of publication not identified] |
|
| 300 |
_av. _bdiagrs. _c26 cm. |
||
| 500 | _aOriginally published by Cambridge University Press, 1915-1916. | ||
| 504 | _aBibliography: v.1, p. ix-x; v.2, p. viii-ix. | ||
| 650 |
_aKombinatoryal analiz _921079 |
||
| 650 |
_aCombinatorial analysis _92012 |
||
| 901 | _a0021416 | ||
| 942 | _cBK | ||